000 00765nam a2200229Ia 4500
003 GCL
008 140319s9999 xx 000 0 ara d
040 _aGCL /
_cGCL
082 0 4 _aد
_b050
_bم ا
100 1 _aمؤسسة الاهرام
245 1 0 _aالاهرام الاقتصادى (1950 - ) 155 مج /
_cمؤسسة الاهرام
260 _a[S.N] :
_bمؤسسة الاهرام
300 _a90
490 _aمنشورات كلية المحاسبة - غريان
_v0
650 0 4 _aالاقتصاد
650 0 4 _aالاقتصاد الدولى
650 0 4 _aالاقتصاد الراسمالى
650 0 4 _aالاقتصاد الحر
650 0 4 _aالاقتصاد التحليلى
650 0 4 _aالاقتصاد الجزئى
942 _2ddc
_cCF
999 _c26993
_d26993